| 000 | 00897 a2200241 4500 | ||
|---|---|---|---|
| 999 |
_c10225 _d10225 |
||
| 020 | _a9789332902701 | ||
| 050 | 0 | 0 | _aHG4026 |
| 100 | 1 |
_aBrealey, Richard A. _eauthor |
|
| 245 | 1 | 0 |
_aPrinciples of corporate finance / _cRichard A. Brealey, Stewart C. Myers,Franklin Allen,Pitabas Mohanty |
| 250 | _a11th ed. | ||
| 264 |
_aNew Delhi : _bMcGrawHill, _cc2015 |
||
| 300 |
_a974 p. : _bill. ; |
||
| 440 | 4 | _aThe McGraw-Hill/Irwin series in finance, insurance, and real estate | |
| 500 | _aincludes table of contents | ||
| 504 | _aIncludes bibliographical references and index. | ||
| 650 | 0 |
_aCorporations _xFinance. |
|
| 700 | 1 | _aBrealey Richard A | |
| 700 | 1 | _aMyers Stewart C | |
| 700 | 1 | _aAllen Franklin | |
| 700 | 1 | _aMohanty Pitabas | |
| 942 |
_2lcc _cBK _e11th ed. _h4026 _iBRE _kHG |
||